| 000 | 00476cam a2200181ua 4500 | ||
|---|---|---|---|
| 001 | 5625 | ||
| 008 | 131007n ii |||frmmmmZ001|0|asm | ||
| 040 | _cMAIN | ||
| 082 | _a954.162 | ||
| 245 | 1 | 1 |
_aAsomor Kalanukramic Itihas _cBy Ramesh Chandra Kalita |
| 250 | _a1st Ed. | ||
| 260 |
_aGuwahati: _bAssam Prakashan Parishad, _c2006. |
||
| 300 | _a116p. | ||
| 653 | _aHistory | ||
| 653 | _aAsomor Kalanukramic Itihas | ||
| 700 | 1 |
_aKalita,Ramesh Chandra, _eAuthor., |
|
| 942 | _cBK | ||
| 999 |
_c4785 _d4785 |
||